Responses for Show #4957 - Tuesday, March 14, 2006

Contestants

[<< previous game]

John Ward, a musician from Blue Hill, Maine

Erynn Masi de Casanova, a graduate student originally from St. Petersburg, Florida

Chris Smith, an advertising creative director from Dallas, Texas (whose 2-day cash winnings total $42,199)

[next game >>]

Jeopardy! Round responses

AROUND FORT BRAGG
COLLEGE SPORTS RIVALRIES
CAPITAL CITY BIRTHPLACES
FUN WITH DICK & JANE
POPE-EYE
SWEET "P"
    $200 16
Caterpillar

Erynn
    $200 1
Stanford

Chris
    $200 24
Moscow

John
    $200 21
Calamity Jane

Chris
    $200 6
white

Erynn
    $200 11
Prancer

John
    $400 17
the Confederate Army

Chris
    $1,000 2
(Chris: Who are Harvard & Yale?)

Army-Navy

Chris
    $400 25
Paris

John
    $400 22
Dick Francis

Chris
    $400 7
the Apostles

John
    $400 12
(Chris: What is Philadelphia?)
...
(Alex: [*], yes, steel city.)

Pittsburgh

ChrisErynn
    $600 18
(Erynn: What are the Rangers?)

the Green Berets (or Special Forces)

ChrisErynn
    $600 3
Michigan & Ohio State

Chris
    $600 26
Stockholm

John
    $600 23
Dick Gregory

John
    $600 8
Galileo

Erynn
    $600 13
Hercule Poirot

Chris
    $800 19
the WACs

John
    $800 4
Chapel Hill

Chris
    $800 27
(John: What is Mexico City?)

Madrid

ErynnJohn
    $800 29
Dick Armey

John
    $800 9
John Paul I

John
    $800 14
personification

Erynn
    $1000 20
the 82nd Airborne

Chris
    $1000 5
Alabama & Auburn

Chris
    $1000 28
London

John
    $1000 30
(John: Who is Jane Seymour?)

(Lady) Jane Grey

ErynnJohn
    $1000 10
the years of Jesus's life (the age of Jesus accepted)

Chris
    $1000 15
propane

Erynn

Scores at the first commercial break (after clue 15):

Chris Erynn John
$2,800 $3,000 $1,400

Scores at the end of the Jeopardy! Round:

Chris Erynn John
$5,400 $4,400 $4,000

Double Jeopardy! Round responses

CHINESE HISTORY
MOVIES OF THE MONTH
(Alex: A month will come up in each correct response.)
DEATH SENTENCES
LET'S GET ECONOMICAL
EUROPEAN COMPOSERS
ENDS IN "X"
    $400 5
the People's Republic

Erynn
    $400 11
July

Chris
    $400 16
Mark Twain

Chris
    $400 26
gross domestic product

Chris
    $400 1
Johann Sebastian Bach

John
    $400 3
a hex

John
    $800 7
silk & tea

Chris
    $800 12
April

Erynn
    $800 17
horse

Chris
    $800 30
a tariff

Erynn
    $800 2
Mozart

Erynn
    $800 4
the Sphinx

John
    $1200 8
monks

Erynn
    $1200 13
(Alex: First Monday in [*], a reference to the Supreme Court.)

October

Triple Stumper
    $1200 18
Socrates

Chris
    $1200 29
Adam Smith

Erynn
    $1200 21
Mendelssohn

John
    $1200 6
Koufax

John
    $1600 24
(Chris: What is a peasant?)
...
(Alex: [*], yeah. Little tough.)

a eunuch

ChrisJohn
    $1600 14
August

John
    $1600 19
(Erynn: Who is C.S. Lewis?)

Forster

ErynnJohn
    $2,200 28
Das Kapital

Chris
    $1600 22
Prokofiev

John
    $1600 9
Bordeaux

Erynn
    $2000 25
the Great Leap Forward

Chris
    $2000 15
November

Erynn
    $3,000 20
a nightingale

John
    $2000 27
Milton Friedman

Triple Stumper
    $2000 23
(Alex: Right. You know your classical music. Good!)

Berlioz

John
    $2000 10
Ajax

Erynn

Scores at the end of the Double Jeopardy! Round:

Chris Erynn John
$12,000 $13,600 $19,400

[wagering suggestions for these scores]

Final Jeopardy! Round responses

WORD ORIGINS
(Alex: This was a tough final, I thought, but I hope at least one of you came up with a correct response, because we have the possibility of a big payday.)
...
(Alex: No, if you think of stories of ancient Greece, the battle of Troy, they used to dip some of their [*] in the Hydra's blood, so it's [*], [*], we're going for--poison, the Hydra's blood.)
ChrisWhat is Poison gas?
$11,999
ErynnWhat is spear?
$7,000
JohnWhat is a spear
$7,801
an arrow

Final scores:

Chris Erynn John
$1 $6,600 $11,599
3rd place: $1,000 2nd place: $2,000 New champion: $11,599

Game dynamics:

Coryat scores:

Chris Erynn John
$12,400 $13,600 $18,400
19 R
(including 1 DD),
3 W
(including 1 DD)
17 R,
2 W
21 R
(including 1 DD),
2 W

Combined Coryat: $44,400

[game clues] [game scores] [suggest correction]

Game tape date: Unknown
The J! Archive is created by fans, for fans. Scraping, republication, monetization, and malicious use prohibited; this site may use cookies and collect identifying information. See terms. The Jeopardy! game show and all elements thereof, including but not limited to copyright and trademark thereto, are the property of Jeopardy Productions, Inc. and are protected under law. This website is not affiliated with, sponsored by, or operated by Jeopardy Productions, Inc. Join the discussion at JBoard.tv.